Esta tierra es nuestra : (Record no. 8009)

000 -CABECERA
fixed length control field 01231nam a22002297a 4500
003 - IDENTIFICADOR DEL NÚMERO DE CONTROL
control field AR-CdUCM
008 - DATOS DE LONGITUD FIJA--INFORMACIÓN GENERAL
fixed length control field 190322b ||||| |||| 00| 0 eng d
040 ## - FUENTE DE LA CATALOGACIÓN
Agencia/entidad que catalogó originalmente la obra MUNICIPALIDAD PROVINCIAL DEL CUSCO
Entidad que transcribió la catalogación BIBLIOTECA MUNICIPAL DEL CUSCO
082 ## - NÚMERO DE LA CLASIFICACIÓN DECIMAL DEWEY
No. de Clasificación 352 /
Notacion interna C27
110 ## - ENTRADA PRINCIPAL--NOMBRE DE ENTIDAD CORPORATIVA
Nombre de la institución, jurisdicción como entrada principal Centro de capacitación e Investigación campesina de Quetzaltenango
9 (RLIN) 22624
245 ## - MENCIÓN DE TÍTULO
Título Esta tierra es nuestra :
Resto del título Compendio de fuentes históricas sobre denuncias, medidas y remedidas, composiciones , titulaciones, usurpaciones, desmembraciones, litigios, transacciones y remates de tierra (Años 1555 - 1952) Area Mam de Quetzaltenango /
260 ## - PUBLICACIÓN, DISTRIBUCIÓN, ETC.
Lugar de publicación, distribución, etc. Qetzaltenango - Guatemala :
Nombre de la editorial, distribuidor, etc. Centro de capacitación e Investigación campesina,
Fecha de publicación, distribución, etc. 1997.
300 ## - DESCRIPCIÓN FÍSICA
Nº de Páginas Extensión 2t. ;
Dimensiones 27 cm.
Otros detalles físicos Mapas, ilustraciones,
505 ## - NOTA DE CONTENIDO CON FORMATO
Nota de contenido formateada Contenido : t.1: Municipios de de Cabricán, Cajolá, Concepción Chiquirichapa, Huitán y San Martín Sacatepequez -- t.2: Municipios de Ostuncalco, Palestina de los Altos, San Miguel Sigüilá, San Carlos Sija y Sibilia
650 ## - PUNTO DE ACCESO ADICIONAL DE MATERIA--TÉRMINO DE MATERIA
Descriptor Guatemala
9 (RLIN) 2870
650 ## - PUNTO DE ACCESO ADICIONAL DE MATERIA--TÉRMINO DE MATERIA
Descriptor Compendio
9 (RLIN) 22625
650 ## - PUNTO DE ACCESO ADICIONAL DE MATERIA--TÉRMINO DE MATERIA
Descriptor Historia
9 (RLIN) 246
650 ## - PUNTO DE ACCESO ADICIONAL DE MATERIA--TÉRMINO DE MATERIA
Descriptor Quetzaltenango
9 (RLIN) 22626
700 ## - PUNTO DE ACCESO ADICIONAL--NOMBRE DE PERSONA
Nombre Personal Rainer Hostnig (Compilador)
9 (RLIN) 22627
942 ## - ELEMENTOS DE PUNTO DE ACCESO ADICIONAL (KOHA)
Fuente de clasificación
Tipo de item Libros-BMC
945 ## - PROCESAMIENTO DE INFORMACIÓN LOCAL (OCLC)
Catalogador dmma
Holdings
Estado de retiro (separado) Fuente de clasificación o esquema de estanterías Estado dañado Ubicación Sala donde se ubica Nombre de la colección Fecha de adquisición o compra Costo, precio normal en soles Signatura topográfica Código de Barras Última vez visto (Koha) Tipo de ítem (Koha)
No     Sala Humanidades Sala Humanidades Book Cart 2019-03-22 50.00 352 / C27 / t.1 SH0000008440 2019-03-22 Libros-BMC
No     Sala Humanidades Sala Humanidades Book Cart 2019-03-22 50.00 352 / C27 / t.2 SH0000008441 2019-03-22 Libros-BMC

Powered by Koha